Col·lecció de cartells de prevenció d'accidents laborals [Recurs electrònic] : 1925-1937 1925-1937
ISBN:
84-393-5247-6
Descripción Física:
1 disc òptic (CD-ROM) ; 12 cm
Colección:
Fons de l'Arxiu Nacional de Catalunya 2
MARC
| LEADER | 00000nam a2200000Ia 4500 | ||
|---|---|---|---|
| 001 | 18007 | ||
| 008 | 160829s9999 xx 000 0 cat d | ||
| 020 | |a 84-393-5247-6 | ||
| 080 | |a CD-1-9 | ||
| 110 | 2 | |a Arxiu Nacional de Catalunya |9 55117 | |
| 245 | |a Col·lecció de cartells de prevenció d'accidents laborals [Recurs electrònic] : |b 1925-1937 | ||
| 260 | |a [Sant Cugat del Vallès] : |b Arxiu Nacional de Catalunya. Departament de Cultura, DL 2000 | ||
| 300 | |a 1 disc òptic (CD-ROM) ; |c 12 cm | ||
| 490 | |a Fons de l'Arxiu Nacional de Catalunya 2 | ||
| 590 | |a autoexecutable | ||
| 650 | |a Arxiu Nacional de Catalunya |x Col·leccions de cartells |x Catàlegs |9 24055 | ||
| 650 | |a Seguretat en el treball |x Cartells |x Catàlegs |9 24056 | ||
| 901 | |a Arxiu | ||
| 942 | |n 1 | ||
| 952 | |0 0 |1 0 |4 0 |6 CD19 |7 1 |9 45690 |a Arxiu |b Arxiu |d 2016-12-01 |l 0 |o CD-1-9 |p 18007 |r 2016-12-01 00:00:00 |w 2016-12-01 |y ARXIU | ||
| 999 | |c 49190 |d 49190 | ||